000 00420nam a22001457a 4500
005 20231102175012.0
008 231016b2014 |||||||| |||| 00| 0 eng d
080 _a341.5
_bWIT
100 _aWithanage, Thushal
245 _aThe LLRC Report and international humanitarian law
260 _aColombo :
_bNational Peace Council of Sri Lanka,
_c2014
300 _a28p
650 _aInternational humanitarian law
942 _cRP
999 _c3892
_d3892